00507nam a2200241Ia 450000500170000000800460001702000180006303700070008104000080008804000080009604000080010404100080011204100080012008400140012808400080014210000190015024500280016924500190019726000100021626000210022626000090024730000090025620260401122457.0008 250103s9999 xx 000 0 eng d a9788125062837 aTB aEDL beng cEDL 2eng aeng a820.99SAR qEDL aSarkar, Parama 0aPOstcolonial Literature 0cSarkar, Parama aDelhi bOrient Balckswan c2016 a286p